000 00496nam a2200205Ia 4500
005 20240823014042.0
008 240823s9999||||xx |||||||||||||| ||und||
020 _a81-8052-006-4
041 _aENGLISH
082 _A658.3124 N9
100 _a"Lambert,Jonamay"
245 0 _a50 Activities fornDiversity Tranining
250 _a1st
260 _c1999
_bANE
500 _aTRANSFERED
650 _aTraining
_bManagement Studies
700 _a Myers Selma
942 _cBK
999 _c168977
_d168977